|
|
|
|
| LEADER |
00000nas a2200000 a 4500 |
| 001 |
ssj0000494590 |
| 003 |
WaSeSS |
| 005 |
20200512172242.0 |
| 006 |
m d |
| 007 |
cr n |
| 008 |
110608d20112014ua uu p s 0 0eng |
| 010 |
|
|
|a 2011243635
|
| 016 |
7 |
|
|a 101562314
|2 DNLM
|
| 016 |
7 |
|
|a 019370634
|2 Uk
|
| 022 |
|
|
|a 2090-5491
|l 2090-5483
|y 2090-5483
|
| 035 |
|
|
|a (WaSeSS)ssj0000494590
|
| 040 |
|
|
|a NLM
|b eng
|c NLM
|d Z5A
|d CUS
|d OCLCQ
|d OCLCF
|d NLM
|d OCLCO
|d OCLCQ
|d OCLCO
|d OCLCQ
|d AU@
|d OCLCO
|d OCLCA
|d UKMGB
|d WaSeSS
|
| 042 |
|
|
|a pcc
|
| 050 |
1 |
4 |
|a RT1
|
| 060 |
1 |
0 |
|a W1
|
| 210 |
1 |
0 |
|a ISRN Nurs
|2 dnlm
|
| 245 |
0 |
0 |
|a ISRN nursing
|h [electronic resource].
|
| 260 |
|
|
|a Cairo :
|b Hindawi Pub. Corp.
|
| 362 |
1 |
|
|a Began with 2011; ceased in 2014.
|
| 506 |
|
|
|a License restrictions may limit access.
|
| 515 |
|
|
|a Articles added consectively to current annual volume.
|
| 588 |
|
|
|a Description based on: Vol 2011 (2011); title from PDF caption (publisher's Web site, viewed Aug. 25, 2011).
|
| 588 |
|
|
|a Latest issue consulted: Vol 2011 (2011) (viewed Aug. 25, 2011).
|
| 650 |
|
0 |
|a Nursing
|v Periodicals.
|
| 650 |
1 |
2 |
|a Nursing.
|
| 650 |
|
7 |
|a Nursing.
|2 fast
|0 (OCoLC)fst01041731
|
| 655 |
|
0 |
|a Electronic journals.
|
| 776 |
0 |
|
|x 2090-5483
|
| 785 |
0 |
0 |
|t International scholarly research notices
|x 2356-7872
|w (DLC) 2014222076
|w (OCoLC)888051655
|
| 850 |
|
|
|a DNLM
|
| 856 |
4 |
0 |
|z Full text available from Research Library: 01/01/2011 to 01/31/2014
|u https://search.proquest.com/publication/686333
|